000 00428nam a22001337a 4500
005 20250812131743.0
008 250812b |||||||| |||| 00| 0 eng d
050 _aRES:HD 38.5.A28 2017
100 _aABUYA EVANS
245 _aAN ASSESSMENT OF THE EFFECTS OF PROCUREMENT PRACTICES ON ORGANIZATIONAL PERFOMANCE
_bA CASE OF GIACHORE TEA FACTORY
260 _aKENYA
_bKISII UNIVERSITY
_c2017
300 _aX,40
942 _2lcc
_cREF
999 _c216033
_d216033